Statistics for Video Game Franchises | #2

Click here to take the quiz!

General Stats

  • This quiz has been taken 49 times
  • The average score is 11 of 30

Answer Stats

YearGamesFranchise% Correct
2001Combat Evolved, The Master Chief CollectionHalo
93%
1999Melee, Brawl, 3DS/Wii USuper Smash Bros.
80%
2000Absolution, Contracts, Silent AssassinHitman
71%
2000Zero, Source, Global OffensiveCounter-Strike
66%
1991Colors, Generation, UnleashedSonic the Hedgehog
66%
1995Trigger, Cross, BreakChrono
54%
2009II, Inquisition, OriginsDragon Age
51%
20062, The Third, IVSaints Row
49%
1987II, Hyper Fighting, VStreet Fighter
49%
2009Rio, Space, FriendsAngry Birds
46%
1996Revelations, Zero, 6, Revelations 2Resident Evil
46%
1991II, 3D, Forever, Zero HourDuke Nukem
44%
1998Opposing Force, 2: Episode One, DecayHalf-Life
39%
1994Tag Tournament, Dark ResurrectionTekken
39%
2009Festival of Blood, Second Son, First LightinFAMOUS
34%
1999Shattered Memories, Downpour, OriginsSilent Hill
34%
1986Of Myths and Monsters, UprisingKid Icarus
29%
2002II, III, Chain of Memories, Birth by SleepKingdom Hearts
27%
2007Curious Village, Unwound Future, Azran LegacyProfessor Layton
24%
1998The Dark Project, The Metal Age, Deadly ShadowsThief
24%
2006Armed Assault, Operation Arrowhead, Queen's GambitARMA
22%
2001Crimson Butterfly, Mask of the Lunar EclipseFatal Frame
22%
20042, 3, Shadow Fall, Liberation, MercenaryKillzone
22%
1999Classic, 2Team Fortress
22%
2005Criminal Origins, 2: BloodshotCondemned
20%
2002The Road to Rome, Play4Free, OnlineBattlefield
17%
20072, Minerva's Den, InfiniteBioShock
17%
1996Ultimate, Dimensions, Last RoundDead or Alive
10%
2008Revenge, 2, 3, 4, Nine Inch Nails RevengeTap Tap
7%
1989The Shadow and the Flame, 3DPrince of Persia
5%

Score Distribution

Percentile by Number Answered

Percent of People with Each Score

Your Score History

You have not taken this quiz